000 00659nam a2200193 i 4500
001 76060
003 ES-MaACL
005 20230906172715.0
007 t|
008 040929q19201929sp ||||1| spa d
100 1 _aJunqueiro, Guerra (
_d1850-1923)
_960518
245 1 0 _aPoesías selectas /
_cAbilio M. Guerra Junqueiro ; traducidas por Eugenio Carballo y Fernando Maristany.
260 _aBarcelona :
_bCervantes,
_c[192-?]
300 _a75 p. ;
_c20 cm.
500 _aEs el v. 44 de "Las mejores poesías (líricas) de los mejores poetas"
700 1 _aCarballo, Eugenio.
_935002
700 1 _aMaristany, Fernando.
_976897
852 _aES-MaACL
_j1657-F-3
999 _c76060
_d76060